Món socioeconòmic
Descripción Física:
136 p. : il. ; 30 cm
Colección:
Estat de la Qüestió ; 2
MARC
| LEADER | 00000nam a2200000Ia 4500 | ||
|---|---|---|---|
| 001 | 10638 | ||
| 008 | 160829s1994 xx 000 0 cat d | ||
| 080 | |a M-1-52 | ||
| 245 | |a Món socioeconòmic | ||
| 260 | |a Barcelona : |b Generalitat de Catalunya. Institut de Sociolingüística Catalana, |c 1994 | ||
| 300 | |a 136 p. : |b il. ; |c 30 cm | ||
| 490 | |a Estat de la Qüestió ; 2 | ||
| 590 | |a Recull de premsa sobre el tema en qüestió. | ||
| 650 | 0 | |a Català |x Aspectes socials |9 24616 | |
| 650 | |a Català |x Normalització |9 31654 | ||
| 901 | |a Arxiu | ||
| 942 | |n 1 | ||
| 952 | |0 0 |1 0 |4 0 |6 M152 |7 1 |9 42085 |a Arxiu |b Arxiu |d 2016-12-01 |l 0 |o M-1-52 |p 10638 |r 2016-12-01 00:00:00 |w 2016-12-01 |y ARXIU | ||
| 999 | |c 44532 |d 44532 | ||